| 000 | 00000nas 2200000za 4500 |
| 001 | 9.846386 |
| 003 | CaOODSP |
| 005 | 20221107153206 |
| 007 | cr ||||||||||| |
| 008 | 171031d19801936oncar p o f0###b0fre|d |
| 040 | |aCaOODSP|bfre |
| 043 | |an-cn--- |
| 086 | 1 |aR1-90F-PDF |
| 110 | 1 |aCanada. |bAffaires autochtones et du Nord Canada. |bMinistère des affaires indiennes. |
| 245 | 00|aRapport |h[ressource électronique] / |cDépartement des affaires indiennes. |
| 246 | 13|aRapport annuel du Departement des affaires des sauvages pour ... |
| 246 | 13|aRapport annuel du Département des affaires indiennes |
| 260 | |aOttawa : |bMinistère des affaires indiennes, |c1881-1937. |
| 310 | |aAnnuel |
| 362 | 1 |aParaît depuis 1880; ne paraît plus après 1936. |
| 500 | |aPubl. aussi en anglais sous le titre : Annual report of the Department of Indian Affairs for the year ended 31st December, ... |
| 500 | |aTitre de la couv. |
| 692 | 07|2gccst|aAffaires autochtones |
| 775 | 08|tAnnual report of the Department of Indian Affairs for the year ended 31st December, ... |w(CaOODSP)9.846380 |